| 000 | 00767nam a22002057a 4500 | ||
|---|---|---|---|
| 999 |
_c20248 _d20248 |
||
| 003 | AR-CdUCM | ||
| 008 | 190528b ||||| |||| 00| 0 spa d | ||
| 040 |
_aMUNICIPALIDAD PROVINCIAL DEL CUSCO _cBIBLIOTECA MUNICIPAL DEL CUSCO |
||
| 082 |
_a743.4 / _bP427 |
||
| 100 |
_aPérard, Victor Sermin _942317 |
||
| 245 |
_aTratado de dibujo de la figura humana : _banatomía artística / |
||
| 260 |
_aMéxico : _bEd Pax, |
||
| 300 |
_a183 páginas ; _bIlustraciones, _c24 cm. |
||
| 505 | _aContenido: Más de mil ilustraciones -- Prefacio -- Apuntes sobre proporción -- Proporción y dibujo... | ||
| 650 |
_aAnatomía artística _942318 |
||
| 650 |
_aDibujo del cuerpo humano _942319 |
||
| 650 |
_aProporción _942320 |
||
| 942 |
_2ddc _cLIBROS |
||
| 945 |
_adavv _d2019-05-28 |
||